Business statistics (Record no. 544)

MARC details
000 -LEADER
Fixed length control field 00436nam a2200169 4500
003 - CONTROL NUMBER IDENTIFIER
Control field SEACOMMC
005 - DATE AND TIME OF LATEST TRANSACTION
Control field 20240911140303.0
008 - FIXED-LENGTH DATA ELEMENTS--GENERAL INFORMATION
Fixed length control field 240911b |||||||| |||| 00| 0 eng d
020 ## - INTERNATIONAL STANDARD BOOK NUMBER / ISBN
International Standard Book Number 9788174466792
Price Rs.195.00
040 ## - CATALOGING SOURCE
Original cataloging agency SEACOMMC
082 ## - DEWEY DECIMAL CLASSIFICATION NUMBER
Classification number 519.5
Book Number B469
100 ## - MAIN ENTRY--PERSONAL NAME
Personal name Bhardwaj, R S
245 1# - TITLE STATEMENT
Title Business statistics
Statement of responsibility R S Bhardwaj
260 ## - IMPRINT
Place of publication New Delhi
Name of publisher Excel Books
Date of publication 1999
650 ## - SUBJECT ADDED ENTRY--TOPICAL TERM
Topical term Commercial statistics
942 ## - ADDED ENTRY ELEMENTS (KOHA)
Koha item type Books
Holdings
Withdrawn status Lost status Source of classification Damaged status Not for loan Home library Current library Date acquired Total Checkouts Call number Accession number Date last seen Price effective from Koha item type Copy number
    Dewey Decimal Classification     SEACOM MANAGEMENT COLLEGE SEACOM MANAGEMENT COLLEGE 21/09/2007   519.5 B469 M-81 11/09/2024 11/09/2024 Books  
    Dewey Decimal Classification     SEACOM MANAGEMENT COLLEGE SEACOM MANAGEMENT COLLEGE 21/09/2007   519.5 B469 M-82 11/09/2024 11/09/2024 Books 1
    Dewey Decimal Classification     SEACOM MANAGEMENT COLLEGE SEACOM MANAGEMENT COLLEGE 21/09/2007   519.5 B469 M-83 11/09/2024 11/09/2024 Books 2
    Dewey Decimal Classification     SEACOM MANAGEMENT COLLEGE SEACOM MANAGEMENT COLLEGE 21/09/2007   519.5 B469 M-84 11/09/2024 11/09/2024 Books 3
    Dewey Decimal Classification     SEACOM MANAGEMENT COLLEGE SEACOM MANAGEMENT COLLEGE 21/09/2007   519.5 B469 M-85 11/09/2024 11/09/2024 Books 4
    Dewey Decimal Classification     SEACOM MANAGEMENT COLLEGE SEACOM MANAGEMENT COLLEGE 21/09/2007   519.5 B469 M-86 11/09/2024 11/09/2024 Books 5
    Dewey Decimal Classification     SEACOM MANAGEMENT COLLEGE SEACOM MANAGEMENT COLLEGE 21/09/2007   519.5 B469 M-87 11/09/2024 11/09/2024 Books 6
    Dewey Decimal Classification     SEACOM MANAGEMENT COLLEGE SEACOM MANAGEMENT COLLEGE 21/09/2007   519.5 B469 M-88 11/09/2024 11/09/2024 Books 7
© Seacom Engineering College, All rights reserved.    Powered by Koha